000 00382nam a22001457a 4500
008 151211b xxu||||| |||| 00| 0 eng d
080 _a657
100 _aMarcaida, Jose Luis
245 _aContabilidade geral
_cJose Luis Marcaida
250 _aS. ed.
260 _aLisboa
_bEditorial portico
_c1968
300 _a173p.
_b
_c
_e
_f
_g
650 _aContabilidade
942 _2udc
_cBK
999 _c34363
_d34363